000 00677nam a2200229Ii 4500
003 JO-AjNU
008 230605s9999||||xx |||||||||||||| ||und||
017 _a2007/10/3204
020 _a9957-07-551-4
040 _aJO-AjNU
_bara
_erda
_cJO-AjNU
041 _aara
050 1 4 _aBF38 M5482 2009
100 3 _aملحم،محمد سامي,
_eauthor
_926002
245 0 0 _aأساسيات علم النفس
250 _aط1
264 3 1 _aعمان:دار الفكر ناشرون وموزعون ، 2009
300 _a376ص
336 _atext
_btxt
_2rdacontent
337 _aunmediated
_bn
_2rdamedia
338 _avolume
_bnc
_2rdacarrier
650 4 _aعلم النفس
_926003
999 _aA9798
_c13366
_d13366